000 01004nam0a22002651 4500
001 rc\2838380
005 20260406063631.0
035 _a(NLR Aleph) 006996030
090 _a5674058
_c5674058
100 _a20110628d1927 |||y0rusy50 ca
101 0 _arus
102 _aRU
105 _ay z |||||
200 1 _aГосударственная академия истории материальной культуры
_e[Обзор работы]
_fН.Я. Марр
210 _a[Ленинград]
_cБ. и.
_d[1927]
_gтип. 1-й Ленингр. артели печатников
215 _a10 с.
_d23×15 см
300 _aБез тит. л. и обл.
300 _a"Отд. отт. из N 2 журн. "Науч. работник" 1927 г."
700 1 _8rus
_7ca
_aМарр
_bН.Я.
_f1865-1934
_gНиколай Яковлевич
_3RU\NLR\AUTH\7723108
_96162
801 0 _aRU
_bNLR
_gpsbo
801 1 _aRU
_bELAR
_2rusmarc
852 _aNLR
_j62-6/12238
942 _cBOOK
980 _aNB